000 00402nam a2200145Ia 4500
008 231129s2010||||xx |||||||||||||| ||spa||
020 _a978-958-8596-15-0
040 _bspa
082 _aCo861.5 M357l
100 _aMárquez Cristo Gonzalo
245 0 _aEl legado del fuego: antologí­a personal
260 _c2010
264 _aCaza de Libros
942 _2ddc
_cBKS
999 _c11460
_d11460